| 000 | nam a22 7a 4500 | ||
|---|---|---|---|
| 999 |
_c2145 _d2145 |
||
| 005 | 20170515125757.0 | ||
| 008 | 170515b1982 tnu||||| |||| 00| 0 eng d | ||
| 020 | _a0316500933 | ||
| 040 | _aAKMAL | ||
| 082 | _a362.6042 KOF | ||
| 090 |
_a362.6042 _bKOF |
||
| 100 | 1 |
_aKoff, Theodore H. _94486 |
|
| 245 | 1 | 0 |
_a Long-term care, an approach to serving the frail elderly / _cTheodore H. Koff |
| 260 |
_a Boston : _bLittle, Brown, _c c1982 |
||
| 300 |
_a xii, 144 p. : _b ill. ; _c23cm |
||
| 500 | _aIncludes index. | ||
| 504 | _aBibliography: p. 132-139. | ||
| 650 | 0 |
_aOlder people _xServices for. _94487 |
|
| 650 | 0 |
_aOlder people _xLong-term care _94488 |
|
| 942 |
_2ddc _cBOOK |
||